[Event "FICGS rapid D 000149 email"]
[Site "FICGS email"]
[Date "2023.06.15"]
[Round "1"]
[White "Nurcahyo, Dery"]
[Black "Leurette, Marc Antoine"]
[Result "1-0"]
[WhiteElo "1624"]
[BlackElo "1652"]
[PlyCount "57"]
[EventDate "2023.??.??"]
[EventType "tourn (rapid)"]
[EventRounds "5"]
[SourceTitle "Corr 2024"]
[Source "ChessBase"]
[SourceDate "2023.10.19"]
[SourceVersion "1"]
[SourceVersionDate "2023.10.19"]
[SourceQuality "1"]

1. f4 d5 2. Nf3 Nc6 3. d4 Bg4 4. Ne5 Nxe5 5. fxe5 e6 6. h3 Bf5 7. Nd2 f6 8. Nf3 Be4 9. Bf4 f5 10. Ng5 Qd7 11. Nxe4 fxe4 12. e3 Ne7 13. a4 h6 14. g4 g5 15. Bg3 Nc6 16. Bb5 a6 17. Be2 0-0-0 18. 0-0 Bg7 19. c3 a5 20. Bb5 b6 21. b4 axb4 22. cxb4 Bf8 23. Rc1 Bxb4 24. Rxc6 Qg7 25. Rxe6 Ba5 26. Qc2 Rhf8 27. Ba6+ Kb8 28. Qc6 Rxf1+ 29. Kxf1 1-0

[Event "FICGS class D 000295 email"]
[Site "FICGS email"]
[Date "2023.05.26"]
[Round "1"]
[White "Leurette, Marc Antoine"]
[Black "Forme, Vocihc"]
[Result "0-1"]
[WhiteElo "1652"]
[BlackElo "1500"]
[PlyCount "44"]
[EventDate "2023.??.??"]
[EventType "tourn (corr)"]
[EventRounds "6"]
[SourceTitle "Corr 2024"]
[Source "ChessBase"]
[SourceDate "2023.10.19"]
[SourceVersion "1"]
[SourceVersionDate "2023.10.19"]
[SourceQuality "1"]

1. e4 c5 2. Nc3 Nc6 3. Nf3 e5 4. Bc4 Be7 5. d3 Nf6 6. Be3 d6 7. Qd2 0-0 8. 0-0-0 Rb8 9. Kb1 a6 10. h3 b5 11. Bb3 a5 12. a4 bxa4 13. Bxa4 Nd4 14. Bxd4 cxd4 15. Ne2 Rb4 16. b3 Bd7 17. Bxd7 Nxd7 18. Kb2 Nc5 19. Ra1 Qb6 20. Nc1 Rb8 21. Ra3 Rb5 22. Ka2 a4 0-1

[Event "FICGS rapid C 000296 email"]
[Site "FICGS email"]
[Date "2023.05.20"]
[Round "1"]
[White "Forme, Vocihc"]
[Black "Leurette, Marc Antoine"]
[Result "1-0"]
[WhiteElo "1500"]
[BlackElo "1652"]
[PlyCount "67"]
[EventDate "2023.??.??"]
[EventType "tourn (rapid)"]
[EventRounds "4"]
[SourceTitle "Corr 2024"]
[Source "ChessBase"]
[SourceDate "2023.10.19"]
[SourceVersion "1"]
[SourceVersionDate "2023.10.19"]
[SourceQuality "1"]

1. e4 e5 2. Nf3 Nc6 3. Bb5 Nf6 4. 0-0 Nxe4 5. Re1 Nd6 6. Nxe5 Nxe5 7. Rxe5+ Be7 8. Bf1 0-0 9. d4 b6 10. Nc3 Bb7 11. Nd5 Bxd5 12. Rxd5 c6 13. Re5 Bf6 14. Re1 b5 15. c3 a6 16. Bf4 Ne8 17. d5 Nc7 18. dxc6 d5 19. a4 bxa4 20. Rxa4 Ne6 21. Bg3 Qb6 22. Qxd5 Qxb2 23. Rc4 Bxc3 24. Re2 Qa3 25. c7 Nxc7 26. Bxc7 Qa1 27. g3 h6 28. Kg2 Bf6 29. h4 g5 30. Be5 Bxe5 31. Rxe5 Kg7 32. hxg5 Rh8 33. Rc7 Rhf8 34. gxh6+ 1-0

[Event "FICGS rapid C 000296 email"]
[Site "FICGS email"]
[Date "2023.05.20"]
[Round "1"]
[White "Leurette, Marc Antoine"]
[Black "Nurcahyo, Dery"]
[Result "1-0"]
[WhiteElo "1652"]
[BlackElo "1624"]
[PlyCount "99"]
[EventDate "2023.??.??"]
[EventType "tourn (rapid)"]
[EventRounds "4"]
[SourceTitle "Corr 2024"]
[Source "ChessBase"]
[SourceDate "2023.10.19"]
[SourceVersion "1"]
[SourceVersionDate "2023.10.19"]
[SourceQuality "1"]

1. e4 e5 2. Nf3 d6 3. Nc3 c6 4. d4 exd4 5. Qxd4 h6 6. Bc4 Be6 7. Be3 Nd7 8. 0-0 Ngf6 9. Bxe6 fxe6 10. Rfe1 e5 11. Qd3 Be7 12. h3 0-0 13. Qc4+ Kh8 14. Nh4 Qe8 15. Qe6 Qf7 16. Qxe7 Qh5 17. Nf5 Rf7 18. Qe6 d5 19. Ng3 Qg6 20. exd5 cxd5 21. Nxd5 Re8 22. Qd6 Qxc2 23. Nxf6 Nxf6 24. b3 Rd7 25. Qa3 a6 26. Rac1 Qd3 27. Qb2 h5 28. Bg5 Rde7 29. Bxf6 gxf6 30. Nxh5 Qg6 31. Ng3 f5 32. Qe2 f4 33. Qe4 Qb6 34. Nf5 Re6 35. Qf3 Kg8 36. Qh5 Qd8 37. Re4 Qf6 38. Rc7 Qg6 39. Rg7+ Qxg7 40. Nxg7 Kxg7 41. g3 Rh8 42. Qg5+ Kf7 43. Rxe5 fxg3 44. Rf5+ Ke8 45. Re5 Kf7 46. Qf5+ Rf6 47. Qd7+ Kg6 48. fxg3 Rhf8 49. Qg4+ Kf7 50. Qh5+ 1-0

[Event "FICGS rapid C 000296 email"]
[Site "FICGS email"]
[Date "2023.05.20"]
[Round "1"]
[White "Leurette, Marc Antoine"]
[Black "Paul, Samagata"]
[Result "1-0"]
[WhiteElo "1652"]
[BlackElo "1630"]
[PlyCount "35"]
[EventDate "2023.??.??"]
[EventType "tourn (rapid)"]
[EventRounds "4"]
[SourceTitle "Corr 2024"]
[Source "ChessBase"]
[SourceDate "2023.10.19"]
[SourceVersion "1"]
[SourceVersionDate "2023.10.19"]
[SourceQuality "1"]

1. e4 e5 2. Nf3 Nc6 3. Bc4 h6 4. Nc3 d6 5. d4 exd4 6. Nxd4 Nxd4 7. Qxd4 Bd7 8. Qd5 Be6 9. Qxb7 Bxc4 10. Qc6+ Ke7 11. Qxc4 Nf6 12. 0-0 g6 13. Re1 Bg7 14. e5 dxe5 15. Rd1 Qc8 16. Qc5+ Ke6 17. f4 Rd8 18. Qxe5# 1-0

[Event "FICGS rapid D 000148 email"]
[Site "FICGS email"]
[Date "2023.04.16"]
[Round "1"]
[White "Leurette, Marc Antoine"]
[Black "Goletto, Piero Giuseppe"]
[Result "1-0"]
[WhiteElo "1656"]
[BlackElo "1416"]
[PlyCount "29"]
[EventDate "2023.??.??"]
[EventType "tourn (rapid)"]
[EventRounds "5"]
[SourceTitle "Corr 2024"]
[Source "ChessBase"]
[SourceDate "2023.10.19"]
[SourceVersion "1"]
[SourceVersionDate "2023.10.19"]
[SourceQuality "1"]

1. e4 e5 2. Nf3 Nc6 3. Bc4 d5 4. Bxd5 Nd4 5. Nxd4 Be6 6. Nxe6 fxe6 7. Bxb7 Rb8 8. Bc6+ Kf7 9. Qf3+ Ke7 10. d3 Rb6 11. Bg5+ Nf6 12. Ba4 c5 13. Nc3 g6 14. Qxf6+ Kd6 15. Qxd8# 1-0

[Event "FICGS rapid D 000148 email"]
[Site "FICGS email"]
[Date "2023.04.16"]
[Round "1"]
[White "Paul, Samagata"]
[Black "Leurette, Marc Antoine"]
[Result "1-0"]
[WhiteElo "1585"]
[BlackElo "1656"]
[PlyCount "51"]
[EventDate "2023.??.??"]
[EventType "tourn (rapid)"]
[EventRounds "5"]
[SourceTitle "Corr 2024"]
[Source "ChessBase"]
[SourceDate "2023.10.19"]
[SourceVersion "1"]
[SourceVersionDate "2023.10.19"]
[SourceQuality "1"]

1. e4 e5 2. Nf3 Nc6 3. c3 d5 4. exd5 Qxd5 5. d3 Bf5 6. Be2 e4 7. c4 Qd6 8. dxe4 Qxd1+ 9. Bxd1 Bxe4 10. 0-0 Bd6 11. Be3 Nf6 12. Nc3 0-0 13. Nxe4 Nxe4 14. Bb3 Bc5 15. Rfe1 Bxe3 16. Rxe3 Nf6 17. Rc1 Rfe8 18. Rce1 h6 19. h3 g5 20. Ba4 Rxe3 21. Rxe3 Nb4 22. a3 Na6 23. b4 c6 24. Re7 Rb8 25. Ne5 Rf8 26. Rxb7 1-0

[Event "FICGS class D 000294 email"]
[Site "FICGS email"]
[Date "2023.04.16"]
[Round "1"]
[White "Pintor, Manuel"]
[Black "Leurette, Marc Antoine"]
[Result "0-1"]
[WhiteElo "1699"]
[BlackElo "1656"]
[PlyCount "34"]
[EventDate "2023.??.??"]
[EventType "tourn (corr)"]
[EventRounds "6"]
[SourceTitle "Corr 2024"]
[Source "ChessBase"]
[SourceDate "2023.10.19"]
[SourceVersion "1"]
[SourceVersionDate "2023.10.19"]
[SourceQuality "1"]

1. e4 e5 2. f4 d6 3. Nf3 Nc6 4. Bc4 Bg4 5. 0-0 Qd7 6. c3 exf4 7. d4 0-0-0 8. Bxf4 f6 9. Nbd2 g5 10. Bg3 Nge7 11. Qb3 Na5 12. Qa3 Nxc4 13. Nxc4 Nc6 14. d5 Ne5 15. Nfxe5 dxe5 16. Qxa7 Qb5 17. Na5 Bc5+ 0-1

[Event "FICGS class D 000293 email"]
[Site "FICGS email"]
[Date "2023.03.14"]
[Round "1"]
[White "Leurette, Marc Antoine"]
[Black "Phillips, Wendell"]
[Result "0-1"]
[WhiteElo "1656"]
[BlackElo "1771"]
[PlyCount "116"]
[EventDate "2023.??.??"]
[EventType "tourn (corr)"]
[EventRounds "6"]
[SourceTitle "Corr 2024"]
[Source "ChessBase"]
[SourceDate "2023.10.19"]
[SourceVersion "1"]
[SourceVersionDate "2023.10.19"]
[SourceQuality "1"]

1. e4 d6 2. d4 c6 3. Nf3 Qc7 4. Be2 e5 5. c4 h6 6. d5 c5 7. 0-0 Be7 8. Nc3 a6 9. a4 b6 10. b3 Nd7 11. Bd3 Nf8 12. Be3 Ng6 13. Bc2 Nf6 14. Ne2 Bd7 15. Ng3 Qc8 16. h3 Bxh3 17. gxh3 Qxh3 18. Nh2 Nh4 19. Qf3 Nxf3+ 20. Nxf3 Ng4 21. Rfe1 Bg5 22. Bxg5 hxg5 23. Bd3 Nh2 24. Nxh2 Qxh2+ 25. Kf1 g6 26. Ke2 Qh7 27. Rh1 Qg7 28. Rxh8+ Qxh8 29. Rh1 Qg7 30. Ke3 Ke7 31. Be2 Rh8 32. Rg1 f6 33. Bg4 Rh4 34. Be6 a5 35. f3 Qh7 36. Rg2 Rh2 37. Rg1 Qh3 38. Nf1 Qh4 39. Nxh2 Qxh2 40. Rb1 Qc2 41. Rh1 Qxb3+ 42. Kf2 Qxc4 43. Rh7+ Ke8 44. Rh8+ Ke7 45. Rh7+ Kf8 46. Rh8+ Kg7 47. Rg8+ Kh7 48. Rf8 Qxa4 49. Rf7+ Kh6 50. Rxf6 Qe8 51. Rf7 b5 52. Rd7 a4 53. Rxd6 b4 54. Bg4 a3 55. Ra6 Qb5 56. Ra8 Qc4 57. d6 Qd4+ 58. Kg3 Qxd6 0-1

[Event "FICGS theme 0255 email"]
[Site "FICGS email"]
[Date "2023.03.08"]
[Round "1"]
[White "Leurette, Marc Antoine"]
[Black "Brand Lyard, Paul"]
[Result "1-0"]
[WhiteElo "1656"]
[BlackElo "1372"]
[PlyCount "69"]
[EventDate "2023.??.??"]
[EventType "swiss (corr)"]
[EventRounds "1"]
[SourceTitle "Corr 2024"]
[Source "ChessBase"]
[SourceDate "2023.10.19"]
[SourceVersion "1"]
[SourceVersionDate "2023.10.19"]
[SourceQuality "1"]

1. d4 f5 2. Qd3 d5 3. g4 fxg4 4. Nc3 Nf6 5. Bg2 e6 6. Bf4 Bb4 7. a3 Bxc3+ 8. Qxc3 c6 9. Be5 Rf8 10. 0-0-0 Na6 11. h3 g6 12. Bxf6 Rxf6 13. hxg4 Rxf2 14. Bf3 Qg5+ 15. Kb1 h5 16. Nh3 Qh4 17. Nxf2 Qxf2 18. Qd3 Qg3 19. Qxg6+ Kd7 20. gxh5 Qxg6 21. hxg6 Kd6 22. g7 Bd7 23. Rh8 Rxh8 24. gxh8Q c5 25. Qe5+ Ke7 26. dxc5 Nxc5 27. Rxd5 Na4 28. Qd6+ Kf6 29. Rd4 Nb6 30. Rf4+ Kg5 31. Qe5+ Kg6 32. Be4+ Kh6 33. Rf6+ Kg7 34. Qg5+ Kh8 35. Rh6# 1-0

[Event "FICGS rapid C 000294 email"]
[Site "FICGS email"]
[Date "2023.02.07"]
[Round "1"]
[White "Pintor, Manuel"]
[Black "Leurette, Marc Antoine"]
[Result "1-0"]
[WhiteElo "1718"]
[BlackElo "1709"]
[PlyCount "47"]
[EventDate "2023.??.??"]
[EventType "tourn (rapid)"]
[EventRounds "4"]
[SourceTitle "Corr 2024"]
[Source "ChessBase"]
[SourceDate "2023.10.19"]
[SourceVersion "1"]
[SourceVersionDate "2023.10.19"]
[SourceQuality "1"]

1. e4 e5 2. f4 d6 3. Nf3 exf4 4. Bc4 Be6 5. Bxe6 fxe6 6. 0-0 e5 7. Nc3 Nd7 8. d4 Qf6 9. g3 g5 10. dxe5 dxe5 11. Nd5 Qc6 12. Nxg5 h6 13. Qh5+ Kd8 14. Nf7+ Kc8 15. Nxh8 b6 16. gxf4 Ngf6 17. Qf7 Kb7 18. Ng6 Nxd5 19. Qxd5 Bc5+ 20. Kh1 Qxd5 21. exd5 exf4 22. Bxf4 h5 23. c4 Rh8 24. Nxh8 1-0

[Event "FICGS class D 000292 email"]
[Site "FICGS email"]
[Date "2023.01.29"]
[Round "1"]
[White "Leurette, Marc Antoine"]
[Black "Pintor, Manuel"]
[Result "0-1"]
[WhiteElo "1709"]
[BlackElo "1718"]
[PlyCount "36"]
[EventDate "2023.??.??"]
[EventType "tourn (corr)"]
[EventRounds "6"]
[SourceTitle "Corr 2024"]
[Source "ChessBase"]
[SourceDate "2023.10.19"]
[SourceVersion "1"]
[SourceVersionDate "2023.10.19"]
[SourceQuality "1"]

1. e4 e5 2. Nf3 Nc6 3. Bc4 Bc5 4. c3 Qf6 5. b4 Bb6 6. a4 a6 7. a5 Ba7 8. d3 h6 9. 0-0 d6 10. Re1 Qg6 11. Nh4 Qf6 12. Nf3 Bg4 13. Nbd2 Nge7 14. h3 Bh5 15. g4 Bg6 16. Kg2 0-0 17. Kg3 Nc8 18. Nh4 Qxf2# 0-1

[Event "FICGS rapid C 000292 email"]
[Site "FICGS email"]
[Date "2022.11.16"]
[Round "1"]
[White "Pintor, Manuel"]
[Black "Leurette, Marc Antoine"]
[Result "0-1"]
[WhiteElo "1652"]
[BlackElo "1726"]
[PlyCount "48"]
[EventDate "2022.??.??"]
[EventType "tourn (rapid)"]
[EventRounds "4"]
[SourceTitle "Corr 2024"]
[Source "ChessBase"]
[SourceDate "2023.10.19"]
[SourceVersion "1"]
[SourceVersionDate "2023.10.19"]
[SourceQuality "1"]

1. e4 e5 2. f4 d6 3. Nf3 exf4 4. Bc4 Be6 5. Bxe6 fxe6 6. d4 g5 7. 0-0 Nd7 8. h4 h6 9. Nc3 gxh4 10. Bxf4 Ngf6 11. Nxh4 Qe7 12. Ng6 Qg7 13. Nxh8 Qxh8 14. e5 dxe5 15. dxe5 0-0-0 16. exf6 Nxf6 17. Qe2 b6 18. Qxe6+ Nd7 19. Be5 Qxe5 20. Qg4 Bd6 21. Rfd1 Qh2+ 22. Kf1 Bc5 23. Ne4 Qg1+ 24. Ke2 Qe3+ 0-1

[Event "FICGS rapid C 000290 email"]
[Site "FICGS email"]
[Date "2022.10.05"]
[Round "1"]
[White "Leurette, Marc Antoine"]
[Black "Pintor, Manuel"]
[Result "1-0"]
[WhiteElo "1732"]
[BlackElo "1693"]
[PlyCount "81"]
[EventDate "2022.??.??"]
[EventType "tourn (rapid)"]
[EventRounds "4"]
[SourceTitle "Corr 2024"]
[Source "ChessBase"]
[SourceDate "2023.10.19"]
[SourceVersion "1"]
[SourceVersionDate "2023.10.19"]
[SourceQuality "1"]

1. e4 e5 2. Nf3 Nc6 3. Bc4 Qf6 4. Nc3 Qg6 5. 0-0 Nf6 6. d3 d6 7. Nb5 Bg4 8. Nxc7+ Kd7 9. Nxa8 Nd4 10. Nh4 Qh5 11. f3 Be6 12. Bxe6+ fxe6 13. Qe1 Be7 14. g4 Qf7 15. Qb4 b6 16. Qa4+ Nc6 17. Qa6 Rb8 18. b4 Qe8 19. b5 Na5 20. Qxa7+ Rb7 21. Nxb6+ Kc7 22. Qxa5 Rxb6 23. Be3 Qxb5 24. Bxb6+ Qxb6+ 25. Qxb6+ Kxb6 26. c4 Nd7 27. Ng2 Nc5 28. Rfd1 g5 29. Ne1 Na4 30. Rdb1+ Kc7 31. Nc2 Nc3 32. Rb3 Ne2+ 33. Kf2 Nf4 34. a4 d5 35. a5 h5 36. a6 Bc5+ 37. Ne3 Nh3+ 38. Kg3 Bxe3 39. Kxh3 h4 40. cxd5 exd5 41. exd5 1-0

[Event "FICGS rapid B 000385 email"]
[Site "FICGS email"]
[Date "2022.10.01"]
[Round "1"]
[White "Leurette, Marc Antoine"]
[Black "Pech, Stepan"]
[Result "0-1"]
[WhiteElo "1732"]
[BlackElo "1922"]
[PlyCount "62"]
[EventDate "2022.??.??"]
[EventType "tourn (rapid)"]
[EventRounds "6"]
[SourceTitle "Corr 2024"]
[Source "ChessBase"]
[SourceDate "2023.10.19"]
[SourceVersion "1"]
[SourceVersionDate "2023.10.19"]
[SourceQuality "1"]

1. e4 e6 2. d4 d5 3. e5 c5 4. c3 Nc6 5. Nf3 Bd7 6. Bb5 Nxe5 7. Bxd7+ Nxd7 8. Be3 Rc8 9. 0-0 Ngf6 10. Nbd2 Bd6 11. dxc5 Bxc5 12. Bxc5 Nxc5 13. Re1 Nd3 14. Re3 Nxb2 15. Qb3 Qb6 16. Rb1 Qxb3 17. axb3 Ng4 18. Re2 Nd3 19. c4 Nf4 20. Ree1 Ke7 21. Nd4 Rhd8 22. Nf5+ Kf8 23. Ng3 Nd3 24. Re2 Nf6 25. cxd5 Nxd5 26. Nge4 Rc2 27. Ng5 Nc3 28. Re3 Nxb1 29. Nxh7+ Ke7 30. Nf1 Rc1 31. Ng5 Nd2 0-1